000 00964nam0a22002411 4500
001 rc\288078
005 20250621021625.0
035 _a(NLR Aleph) 005519730
090 _a5495140
_c5495140
100 _a20030307d1990 |||y0rusy50 ca
101 0 _arus
102 _aRU
105 _ay |||||||||
200 1 _aДиагностика, лечение и профилактика отдаленных последствий закрытых черепно-мозговых травм; реабилитация больных
_eМетод. рекомендации
_fМ-во здравоохранения УССР
_g[П.В. Волошин и др.]
210 _aХарьков
_cБ. и.
_d1990
215 _a21 с.
_d22
702 1 _aВолошин
_bП.В.
_gПетр Власович
_4220
712 0 1 _aУССР
_bМ-во здравоохранения
801 0 _aRU
_bNLR
_gpsbo
801 1 _aRU
_bELAR
_2rusmarc
852 _aNLR
_j91-6/22
942 _cBOOK
980 _aNB